000 00477nam a22001577a 4500
082 _a621.31
_bAHM
100 _aAhmad, Muhammad Nouman (329258)
_9132362
245 _aImpacts of distributed generation (DG) on power distribution system /
264 _aIslamabad :
_bUSPCAS-E, NUST
_cFebruary, 2025
300 _axi, 45 p.
_e+CD
520 _aTH-628
650 _aMS EEP Thesis
650 _aMS Thesis
_918721
700 _aSupervisor: Dr. Muhammad Yousif
942 _2ddc
_cTHE
999 _c615572
_d615572